States With Only One W - Statistics

General Stats
  • This quiz has been taken 52 times
  • The average score is 10 of 11
Answer Stats
States % Correct
Wyoming
100%
Washington
98%
West Virginia
98%
New Jersey
95%
New York
95%
Wisconsin
93%
Delaware
88%
Hawaii
88%
New Hampshire
88%
New Mexico
88%
Iowa
86%
No matching quizzes found
Score Distribution
Percent of People with Each Score
Percentile by Number Answered
Your Score History
You have not taken this quiz